Murphy, Anne L. Virtuous bankers: A day in the life of the Eighteenth-century bank of England (Record no. 525270)

000 -LEADER
fixed length control field 00753nam a22001457a 4500
008 - FIXED-LENGTH DATA ELEMENTS--GENERAL INFORMATION
fixed length control field 240220b ||||| |||| 00| 0 eng d
100 ## - MAIN ENTRY--PERSONAL NAME
Personal name Jaremski, Matthew
245 ## - TITLE STATEMENT
Title Murphy, Anne L. Virtuous bankers: A day in the life of the Eighteenth-century bank of England
260 ## - PUBLICATION, DISTRIBUTION, ETC. (IMPRINT)
Place of publication, distribution, etc Journal of Economic Literature
300 ## - PHYSICAL DESCRIPTION
Extent 61(3), Sep, 2023: p.1199-1201
520 ## - SUMMARY, ETC.
Summary, etc Jaremski, Matthew. 2023. "Murphy, Anne L. Virtuous Bankers: A Day in the Life of the Eighteenth-Century Bank of England." Journal of Economic Literature, 61 (3): 1199-1201.DOI: 10.1257/jel.61.3.1188.r4. – Reproduced

https://www.aeaweb.org/articles?id=10.1257/jel.61.3.1188.r4
773 ## - HOST ITEM ENTRY
Main entry heading Journal of Economic Literature
906 ## - LOCAL DATA ELEMENT F, LDF (RLIN)
Subject DIP BOOK REVIEW
942 ## - ADDED ENTRY ELEMENTS (KOHA)
Item type Articles
Holdings
Withdrawn status Lost status Source of classification or shelving scheme Damaged status Not for loan Permanent location Current location Date acquired Serial Enumeration / chronology Barcode Date last seen Koha item type
          Indian Institute of Public Administration Indian Institute of Public Administration 2024-02-20 61(3), Sep, 2023: p.1199-1201 AR131077 2024-02-20 Articles

Powered by Koha